000 01289nam a2200325 a 4500
001 BRL_333
005 20190320210706.0
008 300713s1992----mx-a######---#000-0#spa-#
020 _a9682945054
041 _aspa
044 _amx
050 4 _aGT4995
_b.D67 1992
245 1 0 _aDos ofrendas de Día de Muertos en el estado de Tlaxcala
_b(nahua y otomí)
_ccoordinación Yolanda Ramos Galicia ; investigación Cornelio Hernández Rojas, Mauricio List Reyes, Juan Carlos Ramos Mora.
260 _aMéxico
_bINAH : Gobierno del Estado de Tlaxcala : Museo de Artes y Tradiciones Populares de la Casa de Artesanías de Tlaxcala
_c1992
300 _a93 p.
_bil.
_c20 cm.
440 0 _aColección Divulgación
_923155
500 _aIncluye glosario de términos
500 _aAu334
504 _aBibliografía : p. 91-93
650 1 4 _aDía de muertos
_zMéxico
_923577
650 1 4 _aNahuas
_xVida social y costumbres
_923578
650 1 4 _aOtomíes
_xVida social y costumbres
_923579
651 4 _aTlaxcala (México : Estado)
_xVida social y costumbres
_923580
700 1 _aRamos Galicia, Yolanda
_ecoord.
_923581
700 1 _aHernández Rojas, Cornelio
_923582
700 1 _aList Reyes, Mauricio
_923583
700 1 _aRamos Mora, Juan Carlos
_923584
902 _aGRL
942 _2lcc
_cB
999 _c9146
_d9146